[Event "Xtracon Chess Open 2017"]
[Site "Helsingor DEN"]
[Date "2017.07.27"]
[Round "7.167"]
[White "Rasmussen, Jonas H"]
[Black "Gaure, Sigurd Lauvas"]
[Result "1/2-1/2"]
[WhiteElo "1885"]
[BlackElo "1619"]
[WhiteFideId "1511637"]
[BlackFideId "1524933"]
[EventDate "2017.07.22"]

1. d4 Nf6 2. c4 g6 3. Nc3 d5 4. cxd5 Nxd5 5. e4 Nxc3 6. bxc3 Bg7 7. Nf3 O-O 8.
Bc4 c5 9. O-O Bg4 10. Bb2 Bxf3 11. Qxf3 cxd4 12. cxd4 Qb6 13. Rab1 Bxd4 14. Bxd4
Qxd4 15. Bd5 Nc6 16. Rxb7 Ne5 17. Qe2 e6 18. Bb3 Qd3 19. Qxd3 Nxd3 20. Rc7 Rfc8
21. Rxc8+ Rxc8 22. Rd1 Nc1 23. h3 Rc3 24. Rd8+ Kg7 25. Rd7 Nxb3 26. axb3 Rxb3
27. Rxa7 g5 28. f3 Kg6 29. Kf2 h5 30. Ra2 f5 31. exf5+ exf5 32. Ra6+ Kg7 33. Kg3
f4+ 34. Kh2 g4 35. hxg4 hxg4 36. fxg4 Rg3 37. Ra4 Rxg4 38. Ra3 Kf6 39. Kh3 Rg8
40. Ra6+ Ke5 41. Ra5+ Kf6 42. Ra3 Kf5 43. Ra5+ Ke4 44. Ra4+ Ke3 45. Ra3+ Kd2 46.
Rf3 Rh8+ 47. Kg4 Rg8+ 48. Kh3 Rh8+ 49. Kg4 Rg8+ 50. Kxf4 Rxg2 51. Ra3 Rg8 1/2-1/2

[Event "Xtracon Chess Open 2017"]
[Site "Helsingor DEN"]
[Date "2017.07.27"]
[Round "7.168"]
[White "Sundin, Sven-Ingvar"]
[Black "Magnussen, Pal"]
[Result "0-1"]
[WhiteElo "1607"]
[BlackElo "1881"]
[WhiteFideId "1724517"]
[BlackFideId "1711814"]
[EventDate "2017.07.22"]

1. e4 e5 2. Nf3 Nc6 3. Bb5 f5 4. d3 d6 5. exf5 Bxf5 6. O-O Nf6 7. Nc3 Be7 8. Be3
O-O 9. Ne2 Bg4 10. Ng3 Nh5 11. h3 Bxf3 12. gxf3 Nf4 13. Kh2 Qd7 14. Bxf4 Rxf4
15. Kg2 Raf8 16. Rh1 Bh4 17. c3 Qf7 18. Qe2 Rxf3 19. Raf1 Qg6 20. Qxf3 Rxf3 21.
Kxf3 Ne7 22. Rd1 c6 23. Ba4 Qf6+ 24. Kg2 Qf4 25. Bb3+ d5 26. Rhf1 Kh8 27. c4 d4
28. c5 Ng6 29. Be6 Qf6 30. Bf5 Nf4+ 31. Kh2 Bg5 32. Bc8 Qf7 33. Ne4 Bh4 34. b3
h5 35. Rd2 Nd5 36. Kh1 Qf3+ 37. Kh2 Nf4 38. Rg1 Nxd3 39. Ng5 Bxg5 40. Rxd3 Bf4+
41. Rg3 Qxd3 0-1

[Event "Xtracon Chess Open 2017"]
[Site "Helsingor DEN"]
[Date "2017.07.27"]
[Round "7.169"]
[White "Palozza, Flavio"]
[Black "Tenold, Andreas"]
[Result "1/2-1/2"]
[WhiteElo "1573"]
[BlackElo "1845"]
[WhiteFideId "2815740"]
[BlackFideId "1525840"]
[EventDate "2017.07.22"]

1. e4 c5 2. Nf3 g6 3. g3 Bg7 4. Bg2 Nc6 5. O-O d6 6. c3 Bg4 7. h3 Bxf3 8. Bxf3
e6 9. Re1 Nge7 10. d3 O-O 11. Bg2 Rb8 12. Be3 f5 13. Qd2 fxe4 14. dxe4 Ne5 15.
Na3 Qc7 16. Nb5 Qc6 17. Qxd6 Qxb5 18. Qxe7 Rfe8 19. Qxc5 Qxb2 20. Reb1 Qc2 21.
Qxa7 Qxc3 22. Rc1 Qd3 23. Rd1 Qe2 24. Rab1 Nc4 25. Re1 Qh5 26. Rxb7 Rxb7 27.
Qxb7 Nxe3 28. Rxe3 Rf8 29. Qe7 Qe5 30. Re1 Rf7 31. Qb4 Ra7 32. Qb3 Kf7 33. Qf3+
Ke7 34. Qb3 Kf7 35. Rc1 Qa5 36. Qf3+ Ke7 37. Rc2 Qb4 38. Qe2 Ra3 39. Rc7+ Kf8
40. Qd1 Bf6 41. Qd7 Qe7 42. Qc8+ Qd8 43. Qxd8+ Bxd8 44. Rxh7 Rxa2 45. Rh8+ Ke7
46. Rh4 g5 47. Rh7+ Kf6 48. Rb7 Rd2 49. Rb5 Bc7 50. Rb7 Be5 51. Rb3 Bd4 1/2-1/2

[Event "Xtracon Chess Open 2017"]
[Site "Helsingor DEN"]
[Date "2017.07.27"]
[Round "7.170"]
[White "Haugaard, Thomas"]
[Black "Matsumura, Cocoro"]
[Result "0-1"]
[WhiteElo "1797"]
[BlackElo "1621"]
[WhiteFideId "1414330"]
[BlackFideId "36087114"]
[EventDate "2017.07.22"]

1. d4 Nf6 2. c4 e6 3. Nc3 Bb4 4. e3 c5 5. Ne2 cxd4 6. exd4 O-O 7. a3 Be7 8. Nf4
d6 9. Bd3 Nc6 10. O-O Nxd4 11. Bxh7+ Nxh7 12. Qxd4 e5 13. Qe4 exf4 14. Nd5 Re8
15. Re1 Be6 16. Nxf4 Bf6 17. Bd2 Qc7 18. Nd5 Bxd5 19. Qxd5 Qc6 20. Qd3 Bxb2 21.
Rad1 Nf6 22. Rb1 Rxe1+ 23. Rxe1 Re8 24. Rb1 Be5 25. f4 Qe4 26. Qg3 Qxb1+ 0-1

[Event "Xtracon Chess Open 2017"]
[Site "Helsingor DEN"]
[Date "2017.07.27"]
[Round "7.171"]
[White "Hansen, Tommy"]
[Black "Nilssen, Steinar"]
[Result "0-1"]
[WhiteElo "1785"]
[BlackElo "1608"]
[WhiteFideId "1511009"]
[BlackFideId "1525620"]
[EventDate "2017.07.22"]

1. e4 c5 2. Nc3 e6 3. Nf3 a6 4. d4 cxd4 5. Nxd4 Qc7 6. Bd3 b5 7. O-O Bb7 8. Kh1
Bc5 9. Nb3 Ba7 10. Qg4 Ne7 11. Qxg7 Rg8 12. Qxh7 Nbc6 13. Be3 O-O-O 14. h3 Bxe3
15. fxe3 Qg3 16. Rg1 Rh8 17. Ne2 Qg4 18. Qxh8 Rxh8 19. Rgf1 Qg7 20. a4 b4 21.
Nc5 Nb8 22. c3 d6 23. Nxb7 Kxb7 24. cxb4 Rg8 25. Rf2 Qxb2 26. Raf1 f5 27. Nd4
Qc3 28. Bb1 Qxe3 29. Nxe6 Qg3 30. exf5 Nd7 31. Be4+ Kb8 32. f6 Nxf6 33. Rxf6 Qe5
34. Rf8+ Rxf8 35. Rxf8+ Nc8 36. Bf3 Qxe6 37. Bg4 Qe1+ 38. Kh2 Qe5+ 39. Kh1 Qa1+
40. Kh2 Qe5+ 41. Kh1 Qe1+ 42. Kh2 Qxb4 43. Bxc8 d5 44. Rg8 Kc7 45. Bg4 Qxa4 46.
Rg7+ Kb6 47. Bf3 Qf4+ 48. Kh1 Kc5 49. Rg8 d4 50. Rc8+ Kb4 51. Be2 a5 52. Rc4+
Kb3 53. Rc5 a4 54. Rb5+ Ka3 55. Kg1 Qe3+ 56. Kf1 d3 57. Bf3 Qc1+ 58. Kf2 d2 59.
Re5 d1=Q 60. Bxd1 Qf4+ 0-1

[Event "Xtracon Chess Open 2017"]
[Site "Helsingor DEN"]
[Date "2017.07.27"]
[Round "7.172"]
[White "Wiberg, Jonas"]
[Black "Tryggestad, Linnea Garberg"]
[Result "1-0"]
[WhiteElo "1773"]
[BlackElo "1597"]
[WhiteFideId "1720090"]
[BlackFideId "1518623"]
[EventDate "2017.07.22"]

1. d4 Nf6 2. Nf3 g6 3. Bg5 Bg7 4. Nbd2 d5 5. e3 O-O 6. Bd3 Bg4 7. h3 Bxf3 8.
Qxf3 c6 9. O-O Nbd7 10. c3 Re8 11. e4 dxe4 12. Nxe4 Nxe4 13. Bxe4 Nf6 14. Bc2
Qd7 15. Rad1 Rad8 16. Bb3 Qc7 17. Bf4 Qc8 18. Be5 Qf5 19. Qxf5 gxf5 20. Rfe1 e6
21. Re3 h6 22. Rde1 Kh7 23. Bc2 Rg8 24. Kf1 Nd5 25. Rf3 Bxe5 26. Rxe5 Kh8 27.
Bb3 Rg6 28. g3 Rdg8 29. Bc2 R6g7 30. Ke2 b6 31. Kd2 Rd8 32. Bb3 Nf6 33. Ke2 Ne4
34. Bxe6 fxe6 35. Rxe6 Ng5 36. Rxh6+ Kg8 37. Rxf5 Re8+ 38. Kd3 Re6 39. Rxe6 Nxe6
40. a4 Rd7 41. Ke2 Re7 42. Kd1 Rd7 43. Kc2 c5 44. d5 Nc7 45. c4 a6 46. Rf6 b5
47. axb5 axb5 48. b3 bxc4 49. bxc4 Ne8 50. Rf4 Nd6 51. h4 Ra7 52. Rf6 Nxc4 53.
Kb3 Ne5 54. f4 Nf7 55. Rc6 Ra5 56. d6 1-0

[Event "Xtracon Chess Open 2017"]
[Site "Helsingor DEN"]
[Date "2017.07.27"]
[Round "7.173"]
[White "Maselli, David"]
[Black "Skovgaard, Emil"]
[Result "1-0"]
[WhiteElo "1568"]
[BlackElo "1764"]
[WhiteFideId "2814159"]
[BlackFideId "1450972"]
[EventDate "2017.07.22"]

1. d4 d5 2. c4 c6 3. Nf3 Nf6 4. e3 e6 5. Nc3 Bd6 6. Bd3 Nbd7 7. O-O dxc4 8. Bxc4
O-O 9. Qe2 b5 10. Bd3 a6 11. e4 e5 12. Rd1 exd4 13. Nxd4 Qc7 14. h3 Ne5 15. Bc2
c5 16. Ndxb5 axb5 17. Nxb5 Ba6 18. Nxc7 Bxe2 19. Rxd6 Rac8 20. Nd5 Nxd5 21. Rxd5
Rfe8 22. Bd2 Re6 23. Bc3 Nf3+ 24. gxf3 Rg6+ 25. Kh2 Bxf3 26. Rg1 Rxg1 27. Kxg1
f6 28. a4 Re8 29. Rxc5 Bxe4 30. Bxe4 Rxe4 31. Rc8+ Kf7 32. a5 Re6 33. Ra8 h5 34.
a6 f5 35. Ra7+ Ke8 36. Ra8+ Kf7 37. a7 Ra6 38. Bd4 f4 39. Rb8 f3 40. a8=Q Rg6+
41. Kf1 Rd6 42. Qxf3+ Kg6 43. Qg3+ Kf5 44. Qxd6 1-0

[Event "Xtracon Chess Open 2017"]
[Site "Helsingor DEN"]
[Date "2017.07.27"]
[Round "7.174"]
[White "Yilmaz, Kazim"]
[Black "Pedersen, Carl Aage"]
[Result "1/2-1/2"]
[WhiteElo "1527"]
[BlackElo "1758"]
[WhiteFideId "1514326"]
[BlackFideId "1417614"]
[EventDate "2017.07.22"]

1. e4 c5 2. Nc3 d6 3. Nf3 Nf6 4. d4 cxd4 5. Nxd4 g6 6. Be3 a6 7. Qd2 b5 8. a3
Bb7 9. f3 Nbd7 10. Be2 Rc8 11. O-O Bg7 12. Kh1 O-O 13. Bh6 Ne5 14. Bxg7 Kxg7 15.
Nb3 Nc4 16. Bxc4 Rxc4 17. Nd5 Nxd5 18. exd5 Qa8 1/2-1/2

[Event "Xtracon Chess Open 2017"]
[Site "Helsingor DEN"]
[Date "2017.07.27"]
[Round "7.175"]
[White "Rendlev, Niels Moller"]
[Black "Tonnesen, Jan Ryder"]
[Result "1-0"]
[WhiteElo "1756"]
[BlackElo "1575"]
[WhiteFideId "1409042"]
[BlackFideId "1461869"]
[EventDate "2017.07.22"]

1. g3 e5 2. c4 Nf6 3. Bg2 Bc5 4. e3 Nc6 5. Nc3 O-O 6. a3 a5 7. Nf3 d5 8. cxd5
Nxd5 9. Ne4 Ba7 10. O-O f5 11. Nc3 Nxc3 12. bxc3 e4 13. Nd4 Nxd4 14. cxd4 c5 15.
Qb3+ Kh8 16. d5 Qd6 17. d3 exd3 18. Qxd3 Bd7 19. Bb2 b5 20. Qc3 Rf7 21. Qxa5 Bb6
22. Qxa8+ 1-0

[Event "Xtracon Chess Open 2017"]
[Site "Helsingor DEN"]
[Date "2017.07.27"]
[Round "7.176"]
[White "Fransson, Pia"]
[Black "Nielsen, Jorgen Kamp"]
[Result "1-0"]
[WhiteElo "1482"]
[BlackElo "1751"]
[WhiteFideId "1724207"]
[BlackFideId "1413279"]
[EventDate "2017.07.22"]

1. d4 Nf6 2. c4 e5 3. dxe5 Ng4 4. Nf3 Bc5 5. e3 Nc6 6. h3 Ngxe5 7. Be2 O-O 8.
O-O d6 9. Nc3 a5 10. b3 Nxf3+ 11. Bxf3 Ne5 12. Be2 Bd7 13. Bb2 Re8 14. Nd5 c6
15. Nf4 Qf6 16. Nd3 Qe7 17. Bxe5 dxe5 18. Nxc5 1-0

[Event "Xtracon Chess Open 2017"]
[Site "Helsingor DEN"]
[Date "2017.07.27"]
[Round "7.177"]
[White "Dittrich, Hans-Georg"]
[Black "Joensen, Sigurd"]
[Result "1-0"]
[WhiteElo "1742"]
[BlackElo "1567"]
[WhiteFideId "12923591"]
[BlackFideId "7200935"]
[EventDate "2017.07.22"]

1. e4 e5 2. Nf3 Nc6 3. Bc4 Nf6 4. d3 h6 5. c3 d6 6. Bb3 Bg4 7. Nbd2 Be7 8. Nf1
Qd7 9. Ne3 Bh5 10. Nf5 O-O 11. h3 Bg6 12. N3h4 Bh7 13. Qf3 Ne8 14. Qg4 Kh8 15.
Be3 Bxh4 16. Nxh4 Qxg4 17. hxg4 f6 18. Nf5 Bxf5 19. gxf5 Ne7 20. O-O-O c6 21.
Bxh6 gxh6 22. Rxh6+ Kg7 23. Rdh1 d5 24. c4 Rd8 25. cxd5 cxd5 26. exd5 Nxd5 27.
Rg6+ Kf7 28. Rh7+ Ng7 29. Rgxg7+ Ke8 30. Ba4+ 1-0

[Event "Xtracon Chess Open 2017"]
[Site "Helsingor DEN"]
[Date "2017.07.27"]
[Round "7.178"]
[White "Leonhardsen, Vebjorn Maanum"]
[Black "Verboven, Arnout"]
[Result "1/2-1/2"]
[WhiteElo "1443"]
[BlackElo "1739"]
[WhiteFideId "1539515"]
[BlackFideId "236012"]
[EventDate "2017.07.22"]

1. d4 Nf6 2. Nf3 e6 3. c4 c5 4. e3 d5 5. Nc3 b6 6. Be2 dxc4 7. Bxc4 Bb7 8. O-O
Nbd7 9. Be2 Rc8 10. Bd2 a6 11. Rc1 c4 12. a3 b5 13. h3 Be7 14. Re1 O-O 15. Rf1
Qb6 16. Na2 Nd5 17. Qe1 Qa7 18. Qd1 N7b6 19. Nc3 Nxc3 20. Bxc3 Na4 21. Ne5 f6
22. Nf3 Be4 23. Nd2 Bg6 24. Bh5 Bd3 25. Be2 Bxe2 26. Qxe2 a5 27. Nf3 Nxc3 28.
Rxc3 Rc6 29. Rfc1 Rfc8 30. a4 bxa4 31. Rxc4 Rxc4 32. Rxc4 Rxc4 33. Qxc4 Qd7 34.
Kf1 a3 35. bxa3 Bxa3 36. Nd2 h6 37. Ne4 Qd5 38. Qxd5 exd5 39. Nc3 Kf7 40. Nxd5
Ke6 41. Nb6 Bb4 42. Ke2 Kd6 43. Kd3 Kc6 44. Nc4 Kb5 1/2-1/2

[Event "Xtracon Chess Open 2017"]
[Site "Helsingor DEN"]
[Date "2017.07.27"]
[Round "7.179"]
[White "Tolba, Henri"]
[Black "Stage, Mathias Juul"]
[Result "1-0"]
[WhiteElo "1729"]
[BlackElo "1544"]
[WhiteFideId "1418246"]
[BlackFideId "1463306"]
[EventDate "2017.07.22"]

1. e4 e5 2. Nf3 Nf6 3. Nc3 d6 4. d4 exd4 5. Nxd4 g6 6. Bg5 Bg7 7. Qd2 Nbd7 8. f4
O-O 9. O-O-O Qe8 10. Bd3 Nb6 11. Rde1 Be6 12. b3 Qc8 13. f5 Bd7 14. Rhf1 Nfd5
15. f6 Nxc3 16. fxg7 Nxa2+ 17. Kb2 Kxg7 18. Bf6+ Kg8 19. Qh6 1-0

[Event "Xtracon Chess Open 2017"]
[Site "Helsingor DEN"]
[Date "2017.07.27"]
[Round "7.180"]
[White "Hjornevik, Oyvind"]
[Black "Olsen, Kim Alex"]
[Result "0-1"]
[WhiteElo "1365"]
[BlackElo "1706"]
[WhiteFideId "1516159"]
[BlackFideId "1406663"]
[EventDate "2017.07.22"]

1. c4 c5 2. Nc3 Nc6 3. g3 g6 4. Bg2 Bg7 5. Rb1 d6 6. a3 Nf6 7. b4 cxb4 8. axb4
O-O 9. e3 Ne5 10. c5 dxc5 11. bxc5 Nd3+ 12. Ke2 Ng4 13. Nh3 Nxc5 14. d4 a6 15.
f3 Nh6 16. e4 Ne6 17. d5 Nc5 18. Be3 Qc7 19. Qc1 Nd7 20. Bxh6 Bxh6 21. Qxh6 Qxc3
22. f4 Qg7 23. Qh4 Nf6 24. e5 Bxh3 25. Bxh3 Nxd5 26. Rxb7 Rfb8 27. Rd7 Rb5 28.
Rd1 Nc3+ 29. Ke1 Nxd1 30. Rxd1 Qf8 31. Kf1 Rab8 32. f5 Rxe5 33. f6 exf6 34. Qxf6
Qe8 35. Bd7 Qe7 36. Qxa6 Rd8 37. Qa1 Rxd7 38. Rxd7 Rf5+ 39. Kg1 Qxd7 40. g4 Rd5
41. Qf6 Qxg4+ 0-1

[Event "Xtracon Chess Open 2017"]
[Site "Helsingor DEN"]
[Date "2017.07.27"]
[Round "7.181"]
[White "Kristensen, Lars Ostergaard"]
[Black "Hestholm, Sverre"]
[Result "1/2-1/2"]
[WhiteElo "1701"]
[BlackElo "1531"]
[WhiteFideId "1415018"]
[BlackFideId "1529161"]
[EventDate "2017.07.22"]

1. d4 Nf6 2. c4 e6 3. Nc3 Bb4 4. e3 c5 5. Ne2 b6 6. a3 Ba5 7. Bd2 Bb7 8. Ng3 O-O
9. Rb1 Na6 10. f3 d5 11. cxd5 Bxc3 12. bxc3 exd5 13. Bd3 Rc8 14. O-O g6 15. Re1
Re8 16. Re2 h5 17. Qf1 h4 18. Nh1 Nh5 19. Qf2 c4 20. Bc2 Qe7 21. Rbe1 Qxa3 22.
Qxh4 Bc6 23. e4 dxe4 24. fxe4 Ba4 25. Bb1 Qb2 26. g4 Ng7 27. Bh6 Qxc3 28. Qf6
Ne6 29. Rd2 Qh3 30. Bg5 Nxg5 31. Qxg5 Qb3 32. Rf1 c3 33. Rdf2 c2 34. Bxc2 Rxc2
35. Rxf7 Qxf7 36. Rxf7 Kxf7 37. Qd5+ Kf8 38. Ng3 Rc1+ 39. Kg2 Ra1 40. Qd6+ Kg7
41. h4 Rf8 42. Qe7+ Rf7 43. Qg5 Ra2+ 44. Kh3 Ra3 45. h5 Rff3 46. Qxg6+ Kf8 47.
Qd6+ Ke8 48. Qe6+ Kf8 49. Qd6+ 1/2-1/2

[Event "Xtracon Chess Open 2017"]
[Site "Helsingor DEN"]
[Date "2017.07.27"]
[Round "7.182"]
[White "Gutierrez Bolado, Juan Antonio"]
[Black "Jensen, Jonbert M. S."]
[Result "1-0"]
[WhiteElo "1696"]
[BlackElo "1515"]
[WhiteFideId "2298708"]
[BlackFideId "1435914"]
[EventDate "2017.07.22"]

1. e4 e5 2. Nf3 Nc6 3. Bc4 Bc5 4. d4 d6 5. dxc5 Nf6 6. cxd6 cxd6 7. Nc3 Be6 8.
Bxe6 fxe6 9. O-O h6 10. Re1 O-O 11. Nb5 Ne8 12. a3 a6 13. Nc3 Nf6 14. Be3 d5 15.
exd5 exd5 16. Bc5 Rf7 17. Nxe5 Nxe5 18. Rxe5 Rc8 19. Bd4 Qd7 20. f3 Rc6 21. Qd2
b5 22. Rae1 Rc7 23. Ne2 Qc6 24. c3 Rc8 25. Ng3 Qd7 26. Nf5 Kh7 27. Qd3 g6 28.
Nh4 Rg8 29. Re6 Ne4 30. Rxg6 Rxg6 31. Nxg6 Kxg6 32. fxe4 dxe4 33. Rxe4 Rf5 34.
Rg4+ 1-0

[Event "Xtracon Chess Open 2017"]
[Site "Helsingor DEN"]
[Date "2017.07.27"]
[Round "7.183"]
[White "Larsen, Mette Dalsgaard"]
[Black "Morling, Aase"]
[Result "1-0"]
[WhiteElo "1679"]
[BlackElo "1512"]
[WhiteFideId "1430718"]
[BlackFideId "1440993"]
[EventDate "2017.07.22"]

1. d4 Nf6 2. c4 e6 3. Nf3 Bb4+ 4. Bd2 Qe7 5. Qc2 O-O 6. e3 b6 7. Be2 Bb7 8. a3
Bxd2+ 9. Nbxd2 d6 10. O-O Nbd7 11. e4 e5 12. d5 c6 13. b4 cxd5 14. cxd5 Rac8 15.
Qd3 Rc7 16. Rac1 Rfc8 17. Rxc7 Rxc7 18. Re1 Qd8 19. Bd1 Qc8 20. Nb1 Nf8 21. Nfd2
Ng6 22. f3 Ba6 23. Qe3 Nf4 24. Ba4 Bd3 25. Bc6 Bxb1 26. Rxb1 a6 27. Qxb6 Ne2+
28. Kf2 Nd4 29. Rc1 Nxc6 30. Rxc6 Ne8 31. Nc4 Rxc6 32. dxc6 Kf8 33. Qb7 Qd8 34.
g3 Nc7 35. Nb6 f6 36. Nd5 Nb5 37. c7 Nxc7 38. Qxc7 Qa8 39. Qxd6+ Kf7 40. Qc7+
Kg6 41. Ne7+ Kh5 42. Nf5 Qg8 43. g4+ Kg5 44. h4+ Kf4 45. Qc1# 1-0

[Event "Xtracon Chess Open 2017"]
[Site "Helsingor DEN"]
[Date "2017.07.27"]
[Round "7.184"]
[White "Madsen, Dennis"]
[Black "Svane, Freja"]
[Result "0-1"]
[WhiteElo "1671"]
[BlackElo "1451"]
[WhiteFideId "1425919"]
[BlackFideId "12940100"]
[EventDate "2017.07.22"]

1. d4 d5 2. e4 dxe4 3. Nc3 Nf6 4. f3 exf3 5. Qxf3 c6 6. Be3 Bg4 7. Qf2 e6 8. Bd3
Nbd7 9. Nf3 Bb4 10. O-O O-O 11. Bg5 Qa5 12. Qh4 Bf5 13. Bxf5 Qxf5 14. Ne5 Qxc2
15. Nxd7 Nxd7 16. Ne4 h6 17. Be3 Qe2 18. Rf3 f5 19. Ng3 Qxb2 20. Raf1 Bd2 21.
Bxd2 Qxd2 22. Nh5 Nf6 23. Nxf6+ Rxf6 24. Rg3 Raf8 25. Rb3 R8f7 26. Rfb1 b6 27.
h3 Rd7 28. d5 Qxd5 29. Rg3 Qd4+ 30. Qxd4 Rxd4 31. Ra3 Rf7 32. Re1 Rd6 33. Re5 g5 0-1

[Event "Xtracon Chess Open 2017"]
[Site "Helsingor DEN"]
[Date "2017.07.27"]
[Round "7.185"]
[White "Erikstad, Anders"]
[Black "Ski, Alexander K."]
[Result "0-1"]
[WhiteElo "1166"]
[BlackElo "1658"]
[WhiteFideId "1530445"]
[BlackFideId "1521659"]
[EventDate "2017.07.22"]

1. d4 d5 2. c4 e6 3. Nf3 Nf6 4. Bg5 Be7 5. Nc3 b6 6. e3 O-O 7. Bd3 Nc6 8. O-O
Bb7 9. Qe2 Nb4 10. cxd5 exd5 11. Bf5 a5 12. Rfc1 Ne4 13. Bf4 Ba6 14. Qd1 Nd3 15.
Rc2 Nxf4 16. exf4 Nxc3 17. Rxc3 Bd6 18. Ne5 Qf6 19. Qc2 g6 20. Bg4 Qxf4 21. Be2
Qxd4 22. Nf3 Qf6 23. Bxa6 Rxa6 24. Rd3 c6 25. Re1 Raa8 26. Qxc6 Bxh2+ 27. Kxh2
Qxc6 28. Re5 Rad8 29. Re1 Rfe8 30. Red1 Re2 31. R3d2 Rde8 32. b3 Kg7 33. Kg1 Qc5
34. Nd4 Rxd2 35. Rxd2 Qc1+ 0-1

[Event "Xtracon Chess Open 2017"]
[Site "Helsingor DEN"]
[Date "2017.07.27"]
[Round "7.186"]
[White "Langvik, Ulrikke"]
[Black "Kreken, Eivind Grunt"]
[Result "1/2-1/2"]
[WhiteElo "1640"]
[BlackElo "1412"]
[WhiteFideId "1517910"]
[BlackFideId "1532359"]
[EventDate "2017.07.22"]

1. d4 d5 2. c4 c6 3. Nc3 Nf6 4. e3 a6 5. a4 e6 6. Nf3 c5 7. Qc2 Nc6 8. Be2 dxc4
9. dxc5 Nb4 10. Qd1 Qxd1+ 11. Kxd1 Nd3 12. Bxd3 cxd3 13. Ne5 Bxc5 14. Nxd3 Bd6
15. b3 O-O 16. Bb2 Bd7 17. Ke2 Bc6 18. f3 Nd5 19. Ne4 Be7 20. Rac1 Rac8 21. Ne5
Nb4 22. Nxc6 Nxc6 23. Rhd1 Rfd8 24. Rxd8+ Rxd8 25. Nc5 Bxc5 26. Rxc5 Rd7 27. b4
h6 28. Rc4 Kh7 1/2-1/2

[Event "Xtracon Chess Open 2017"]
[Site "Helsingor DEN"]
[Date "2017.07.27"]
[Round "7.187"]
[White "Bratteteig, Tore-Inge"]
[Black "Schouten, Ken Ronny"]
[Result "1-0"]
[WhiteElo "1637"]
[BlackElo "1225"]
[WhiteFideId "1510711"]
[BlackFideId "1533010"]
[EventDate "2017.07.22"]

1. d4 Nf6 2. c4 d6 3. Nf3 g6 4. g3 Bg7 5. Bg2 O-O 6. O-O Nbd7 7. Nc3 c5 8. d5
Nb6 9. Nd2 Bf5 10. e4 Bg4 11. f3 Bd7 12. a4 a5 13. Nb5 Nc8 14. Ra2 e6 15. b3
exd5 16. exd5 Bxb5 17. axb5 Re8 18. Re1 b6 19. Ne4 Ne7 20. Bh3 Nd7 21. Nxd6 Rf8
22. Nb7 Qc7 23. Rxe7 Qxb7 24. Rxd7 Qa7 25. Rxa7 Rxa7 1-0

[Event "Xtracon Chess Open 2017"]
[Site "Helsingor DEN"]
[Date "2017.07.27"]
[Round "7.188"]
[White "Maselli, Daniel"]
[Black "Jensen, Hans Askov"]
[Result "1-0"]
[WhiteElo "1914"]
[BlackElo "1481"]
[WhiteFideId "2814140"]
[BlackFideId "1419889"]
[EventDate "2017.07.22"]

1. d4 Nf6 2. Nf3 d5 3. Bg5 Bg4 4. e3 e6 5. Nbd2 Be7 6. Be2 O-O 7. h3 Bh5 8. O-O
c5 9. c3 cxd4 10. exd4 Nc6 11. Re1 Bg6 12. Nh4 Ne4 13. Nxg6 fxg6 14. Bxe7 Qxe7
15. Nxe4 dxe4 16. Qc2 Qh4 17. Bg4 Rf4 18. g3 Rxf2 19. Qxf2 Qf6 20. Qxf6 gxf6 21.
Bxe6+ 1-0

[Event "Xtracon Chess Open 2017"]
[Site "Helsingor DEN"]
[Date "2017.07.27"]
[Round "7.189"]
[White "Joa, Sander"]
[Black "Gardarsson, Hordur"]
[Result "1/2-1/2"]
[WhiteElo "1480"]
[BlackElo "1710"]
[WhiteFideId "1523481"]
[BlackFideId "2303604"]
[EventDate "2017.07.22"]

1. e4 e5 2. Bc4 Bc5 3. Nc3 Nf6 4. d3 d6 5. f4 exf4 6. Bxf4 Nc6 7. a3 a6 8. h3
Nd4 9. Nf3 c6 10. e5 dxe5 11. Nxe5 Be6 12. Bxe6 Nxe6 13. Qd2 Nxf4 14. Qxf4 Bd4
15. Ne4 Bxb2 16. Nxf7 Qe7 17. Nd6+ Kf8 18. Nf5 Qe5 1/2-1/2

[Event "Xtracon Chess Open 2017"]
[Site "Helsingor DEN"]
[Date "2017.07.27"]
[Round "7.190"]
[White "Werner, Jakob"]
[Black "Bredeli, Havard Iversen"]
[Result "1-0"]
[WhiteElo "1690"]
[BlackElo "1443"]
[WhiteFideId "1426850"]
[BlackFideId "1514440"]
[EventDate "2017.07.22"]

1. d4 Nf6 2. c4 e6 3. Nc3 d5 4. Bg5 Nbd7 5. e3 c6 6. a3 Be7 7. Nf3 O-O 8. Rc1
dxc4 9. Bxc4 Nb6 10. Bd3 Nfd5 11. Bxe7 Qxe7 12. O-O Bd7 13. Ne5 Rac8 14. Ne4 Nf6
15. Nc5 Rc7 16. Qf3 Nbd5 17. e4 Nb6 18. Rfe1 Bc8 19. Qe3 Nbd7 20. Ncxd7 Nxd7 21.
Nf3 e5 22. d5 Nb6 23. dxc6 bxc6 24. Rc5 f6 25. Rec1 Bb7 26. Nd2 Na4 27. R5c2
Rfc8 28. Be2 h6 29. Qb3+ Kh8 30. Qxa4 a6 31. Nb3 c5 32. Qc4 Kh7 33. Na5 Ba8 34.
f3 Qd6 35. Qxa6 Qd4+ 36. Kf1 Qd7 37. Qc4 Ra7 38. Nb3 Ra4 39. Qd3 Qa7 40. Rxc5
Rxc5 41. Rxc5 Bb7 42. Qc2 Qb6 43. Rb5 Qa6 44. Rxb7 Qxb7 45. Nc5 1-0

[Event "Xtracon Chess Open 2017"]
[Site "Helsingor DEN"]
[Date "2017.07.27"]
[Round "7.191"]
[White "Hestholm, Gustav"]
[Black "Nielsen, Leo Kresten Roland"]
[Result "0-1"]
[WhiteElo "1379"]
[BlackElo "1688"]
[WhiteFideId "1529153"]
[BlackFideId "1426095"]
[EventDate "2017.07.22"]

1. e4 c5 2. c3 e5 3. Nf3 Nc6 4. Bc4 a6 5. O-O Nf6 6. d3 d6 7. Be3 h6 8. a4 d5 9.
exd5 Nxd5 10. Re1 Be6 11. Nbd2 Bd6 12. Qb3 Na5 13. Qa2 Nxc4 14. Nxc4 O-O 15. Bd2
Nb6 16. b3 Nxc4 17. bxc4 Qc8 18. Qb2 Bg4 19. Re3 f5 20. h3 f4 21. Re2 Bxf3 22.
gxf3 Rf5 23. Rb1 Rh5 24. Qxb7 Qd8 25. Qd5+ Kh8 26. Kh2 Rc8 27. Qe6 Qc7 28. Ree1
Rf8 29. Rg1 Rhf5 30. Rg6 R5f6 31. Qg4 Rxg6 32. Qxg6 Rf6 33. Qg4 Bf8 34. Qh5 Qd7
35. Qxe5 Qxd3 36. Rb2 Qxf3 37. Qe1 Rg6 38. Qf1 Kh7 39. Be1 Qc6 40. a5 f3 41. Qd3
Qe6 42. Qf1 Rg2+ 43. Qxg2 fxg2 44. Kxg2 Qxe1 45. Rb6 Qxc3 46. Rxa6 Qxc4 47. Ra8
Qd5+ 0-1

[Event "Xtracon Chess Open 2017"]
[Site "Helsingor DEN"]
[Date "2017.07.27"]
[Round "7.192"]
[White "Petersen, Jan"]
[Black "Jacobsen, Jerlow Lytomt"]
[Result "1/2-1/2"]
[WhiteElo "1628"]
[BlackElo "1415"]
[WhiteFideId "1426320"]
[BlackFideId "1521390"]
[EventDate "2017.07.22"]

1. d4 e6 2. c4 d5 3. Nc3 Nf6 4. cxd5 exd5 5. Bg5 Be6 6. e3 Bb4 7. Bd3 O-O 8. a3
Be7 9. Nf3 c5 10. dxc5 Bxc5 11. O-O Nc6 12. b4 Bb6 13. b5 Na5 14. Qa4 d4 15. Ne4
dxe3 16. Nxf6+ gxf6 17. Bxh7+ Kg7 18. Qh4 exf2+ 19. Kh1 fxg5 20. Nxg5 Qf6 21.
Qg3 Kh8 22. Qh4 Kg7 23. Qg3 Kh8 24. Qh4 Kg7 1/2-1/2